000 02454cgm a2200601 a 4500
003 XX-XxUND
005 20241220113626.0
006 g--- vl
007 gz cu u
007 vd|cbaizq
008 980129s1998 caunnn e zleng d
001 530168
020 _a0792153448
024 1 _a097363253075
028 4 2 _a325307
_bParamount Home Video
035 _a(Sirsi) i9780792153443
035 _a3584682
040 _cXX-XxUND
041 1 _aengfre
_bspa
090 _aPN1997.P314
_bP3 1998
092 0 4 _a791.4372
_bPAT
092 _a791.437
245 0 0 _aPatriot games
_cParamount Pictures ; produced by Mace Neufeld and Robert Rehme ; directed by Phillip Noyce ; screenplay by W. Peter Iliff and Donald Stewart.
_h[videorecording] /
250 _aWidescreen ed.
260 _aHollywood, Calif. :
_bParamount Home Video,
_cc1998.
300 _a1 videodisc (116 min.) :
_bsd., col. ;
_c4 3/4 in. +
_e1 index guide.
500 _aBased on the novel by Tom Clancy.
500 _aOriginally released as a motion picture in 1992.
501 _aWith: Interactive menus, chapter index, and theatrical trailer.
506 _aFor private home use only.
508 _aDirector of photography, Donald M. McAlpine ; production design, Joseph Nemec III ; editor, Neil Travis ; music, James Horner.
511 1 _aHarrison Ford, Anne Archer, Patrick Bergin, Sean Bean, Thora Birch, James Fox, James Earl Jones.
520 _aAn American tourist prevents the assassination of a member of the British royal family. Soon, the ULA members responsible for the attempt try to take revenge on his family.
521 8 _aMPAA rating: R.
521 _aAdult.
538 _aDigital video disc. Hi-fi stereo, Dolby digital surround.
546 _aClosed-captioned for the hearing impaired.
546 _aIn English with optional French track and Spanish subtitles.
650 0 _aTerrorism
_vDrama.
_95725081
655 0 _aAction and adventure films.
_95674017
655 0 _aFeature films.
_96131971
650 0 _aVideo recordings for the hearing impaired.
_96131972
700 1 _aNoyce, Phillip.
_958448
700 1 _aFord, Harrison,
_d1942-
_921898
700 1 _aArcher, Anne.
_948123
700 1 _aBergin, Patrick.
_945532
700 1 _aClancy, Tom,
_d1947-
_921025
710 2 _aParamount Home Video (Firm)
_930620
920 _a116 min. col. c-c + guide
942 _cDVD
_074
979 _a417807
998 _aa63527
999 _c30099
_d30099